Big Hero 6 - Characters by Picture - Statistics

General Stats
  • This quiz has been taken 51 times
  • The average score is 16 of 80
Answer Stats
Picture Answer % Correct
Hiro Hamada
97%
Baymax
94%
Fred
83%
Wasabi
74%
Aunt Cass
71%
Tadashi Hamada
71%
Go Go Tomago
69%
Honey Lemon
66%
Alistair Krei
43%
Mr. Yama
43%
Yokai / Prof. Robert Callaghan
43%
Abigail Callaghan
34%
Mochi
34%
Heathcliff / Mongoose
23%
Mini-Max
20%
Crushroom
17%
Diane 'Di' Amara
17%
Globby / Dibs
17%
Karmi
17%
Liv Amara
17%
Momakase
17%
Mr. Frank Sparkles
17%
Noodle Burger Boy
17%
Obake / Bob Aken
17%
Prof. Grace Granville
17%
Richardson Mole
17%
Supersonic Sue
17%
Baron Von Steamer
14%
Basemax
14%
Bessie
14%
El Fuego
14%
Felony Carl
14%
Frederick Frederickson III / Boss Awesome
14%
Jack / Greg
14%
Mayoi
14%
Megan Cruz
14%
Nega-Globby
14%
Orso Knox
14%
Cobra
11%
Dr. Wendy Wower
11%
Ian / Hardlight
11%
Juniper
11%
Supersonic Stu
11%
Trina Aken
11%
Barb
9%
Beverly Samantha 'Binky' Mole
9%
Bluff Dunder
9%
Bolton Gramercy
9%
Celine Simard / Sirque
9%
Chief Diego Cruz
9%
Chris
9%
Dr. Trevor Trengrove
9%
Hyper-Potamus
9%
Jaq
9%
Judy
9%
Kiko Tanaka
9%
Lenore Shimamoto
9%
Mbita
9%
Ned Ludd / Hibagon
9%
Ringleader
9%
Rishi Patel
9%
Roderick 'Roddy' Blair
9%
Sergeant Gerson
9%
Sofia
9%
Uncle Samurai
9%
Ali
6%
Curie
6%
Dr. Mel Meyers
6%
Fermi
6%
Hangry Panda
6%
Mayor Saito
6%
Olivia Mole
6%
Oppenheimer
6%
Sara
6%
Sergeant Suction
6%
Yachi
6%
Yukio
6%
Yum LaBouché
6%
Mrs. Fredrickson / Major Blast
3%
Detective Kato
0%
No matching quizzes found
Score Distribution
Percent of People with Each Score
Percentile by Number Answered
Your Score History
You have not taken this quiz